| 000 | 00404nam a22001697a 4500 | ||
|---|---|---|---|
| 005 | 20160708155852.0 | ||
| 008 | 160630b xxu||||| |||| 00| 0 eng d | ||
| 020 | _a81-88458-16-3 | ||
| 041 | _aeng | ||
| 082 | _b16929 | ||
| 100 |
_aKumar, Dr. D S _93275 |
||
| 245 | _aEngineering Mechanics | ||
| 260 |
_bS.K. Kataria & Sons _c2012 |
||
| 300 | _a713 | ||
| 650 |
_aDiploma Engineering _9817 |
||
| 942 | _cBK | ||
| 999 |
_c4963 _d4961 |
||